Introduction to information technology / (Record no. 6770)
[ view plain ]
| 000 -LEADER | |
|---|---|
| fixed length control field | 02202cam a22002054a 4500 |
| 020 ## - INTERNATIONAL STANDARD BOOK NUMBER | |
| ISBN | 0471170658 (cloth : alk. paper) |
| 022 ## - INTERNATIONAL STANDARD SERIAL NUMBER | |
| ISSN | 9780471170655 |
| 050 00 - CALL NUMBER | |
| Classification number | T58.5 |
| Item number | .T84 |
| 100 1# - AUTHOR | |
| Personal name | Turban, Efraim. |
| 245 10 - TITLE | |
| Title | Introduction to information technology / |
| Statement of responsibility, etc | Efraim Turban, R. Kelly Rainer, Jr., Richard E. Potter. |
| 260 ## - PUBLICATION INFORMATION | |
| Place of publication | New York : |
| Name of publisher | John Wiley, |
| Year of publication | c2001. |
| 300 ## - DESCRIPTION | |
| Number of Pages | 1 v. (various pagings) : |
| Other physical details | col. ill. ; |
| Dimensions | 27 cm. |
| 500 ## - NOTES | |
| General note | Includes index |
| 505 ## - FORMATTED CONTENTS NOTE | |
| Table of Content | Information Technology in the Business Environment --<br/>Introduction: Business and Information Technology --<br/>Business in the Information Age: Pressures and Responses --<br/>Reality Check: Why You Need to Know about Information Technology --<br/>What Is an Information System? --<br/>Reality Check II: Strategic Questions and Information Technology Answers --<br/>Organizations and Information Technology Support --<br/>Information Systems Infrastructure and Architecture --<br/>Organizations: Structure and IT Support --<br/>The Evolution and Types of Information Systems --<br/>IT Support at Different Organizational Levels --<br/>Managing Information Technology in Organizations --<br/>Information Technology Infrastructure --<br/>Computer Hardware --<br/>The Significance of Hardware --<br/>The Central Processing Unit --<br/>Computer Memory --<br/>Computer Hierarchy --<br/>Input Technologies --<br/>Output Technologies --<br/>Strategic Hardware Issues --<br/>Computer Software --<br/>Software History and Significance --<br/>Systems Software --<br/>Application Software --<br/>Software Issues --<br/>Programming Languages --<br/>Enterprise Software --<br/>Managing Organizational Data and Information --<br/>Basics of Data Arrangement and Access --<br/>The Traditional File Environment --<br/>Databases: The Modern Approach --<br/>Database Management Systems --<br/>Logical Data Models --<br/>Data Warehouses --<br/>Telecommunications and Networks --<br/>The Telecommunications System --<br/>Networks --<br/>Network Communications Software --<br/>Network Processing Strategies --<br/>Telecommunications Applications --<br/>The Internet and Intranets --<br/>What Is the Internet? |
| 650 #0 - SUBJECTS | |
| Topical Term | Information technology. |
| 650 #0 - SUBJECTS | |
| Topical Term | Management information systems. |
| 700 1# - OTHER AUTHORS | |
| Personal name | Rainer, R. Kelly, |
| 700 1# - OTHER AUTHORS | |
| Personal name | Potter, Richard E. |
| 942 ## - ADDED ENTRY ELEMENTS (KOHA) | |
| Koha item type | Books |
| Withdrawn status | Lost status | Collection code | Home library | Current library | Shelving location | Date acquired | Full call number | Accession Number | Koha item type |
|---|---|---|---|---|---|---|---|---|---|
| Reference | Methodist University Library Main | Methodist University Library Main | General Stacks | T58.5 .T84 | 38258 | Books |